00391nam a2200181Ia 4500008004000000041000800040082001200048100001700060245003200077260004200109440000600151650001100157650000800168650000700176650000900183650001100192650000600203210210b1952 xxu||||| |||| 00| 0 eng d aeng a828/693 aWRIGHT (E M) aLife of Joseph Wright Vol I aLondonbOxford University Pressc1952 aI aWright aVol aof aLife aJoseph aI